|
|
|
|
| LEADER |
00000nab a2200000 ar4500 |
| 001 |
vtls010113719 |
| 003 |
SK-MaSNL |
| 005 |
20260319070659.0 |
| 008 |
100709c20100614xo |||||||| 000 b|hun |
| 015 |
|
|
|a SNBRB2010/06
|2 snkbucl
|
| 038 |
|
|
|a SNKBUCL
|
| 040 |
|
|
|a DSZK
|b slo
|c DSZK
|e AACR2
|
| 041 |
0 |
|
|a hun
|
| 044 |
|
|
|a xo
|c SK
|
| 080 |
|
|
|a 821.511.141 (437.6)-92=511.141
|2 2001
|
| 100 |
1 |
|
|a Juhász, Katalin,
|d 1969-
|4 aut
|9 102317
|
| 245 |
1 |
0 |
|a Közös dolgaink
|c Juhász Katalin
|
| 650 |
0 |
7 |
|a publicistické črty, maďarské
|2 snkbucl
|9 1034428
|
| 773 |
0 |
|
|t Új szó
|g Évf. 63, sz. 135 (14.6.2010), o. 7
|x 1335-7050
|
| 852 |
|
|
|a SNK
|b KIS3GCP
|
| 852 |
|
|
|a DSZK
|b KIS3GCP
|
| 958 |
|
|
|a HU
|
| 958 |
|
|
|a SK
|
| 958 |
|
|
|a LX
|
| 999 |
|
|
|c 1782649
|d 1784579
|